| 000 | 00430nam a2200145 i 4500 | ||
|---|---|---|---|
| 001 | 27080 | ||
| 003 | ES-MaACL | ||
| 007 | t| | ||
| 008 | 030113s1970 sp ||||1| baq d | ||
| 100 | 1 |
_aArrinda, Anastasio. _923322 |
|
| 245 | 1 | 1 |
_a"Semeno de Lazcano" _b: (Anaiarteko gorroto) / _cAnastasio Arrinda (Anes Lazkauko). |
| 260 |
_aZarauz : _bItxaropena, _c[1970] |
||
| 300 |
_a130 p. ; _c18 cm. |
||
| 852 |
_aES-MaACL _jE-5044 _bR.76102 |
||
| 999 |
_c27080 _d27080 |
||